Statistics for Countries, US States, Capitals, Elements, 100 Most Common Words: with Double Letters

Click here to take the quiz!

General Stats

  • This quiz has been taken 1,108 times
  • The average score is 41 of 65

Answer Stats

ANSWER% Correct
{Mi}ss{i}ss{i}pp{i}
97%
{Te}nn{e}ssee
95%
{A}cc{ra}
88%
{A}dd{is Ababa}
85%
{A}mm{an}
85%
{Ma}ss{achuse}tt{s}
85%
{Mi}ss{ouri}
84%
{Bra}zz{avi}ll{e}
83%
{Ta}ll{aha}ssee
83%
{Ta}ll{i}nn
83%
{I}ll{inois}
82%
{Moro}cc{o}
80%
{A}ll
78%
{Ando}rr{a}
78%
{Hawa}ii
78%
{Mi}nn{esota}
76%
{O}tt{awa}
76%
{Ul}aa{nb}aa{tar}
74%
{Va}ll{e}tt{a}
74%
{We}ll
73%
{Gr}ee{ce}
72%
{S}ee
72%
{Ando}rr{a la Ve}ll{a}
70%
{Ru}ss{ia}
70%
{A}nn{apolis}
69%
{Pe}nn{sylvania}
69%
{Camer}oo{n}
68%
{Wi}ll
68%
{Ba}ss{ete}rr{e}
67%
{Co}nn{ecticut}
65%
{Na}ss{au}
65%
{Phili}pp{ines}
65%
{Vie}nn{a}
65%
{We}ll{ington}
65%
{Canbe}rr{a}
64%
{L}oo{k}
63%
{Bi}ss{au}
61%
{Nouakcho}tt
61%
{G}oo{d}
60%
{Y}tt{rium}
60%
{Je}ff{erson City}
58%
{Y}tt{erbium}
57%
{Sie}rr{a Leone}
55%
{Bru}ss{els}
54%
{Co}pp{er}
53%
{Pie}rr{e}
50%
{Fr}ee{town}
48%
{Seyche}ll{es}
48%
{Ga}ll{ium}
47%
{Ha}rr{isburg}
47%
{Ha}ss{ium}
47%
{Yamou}ss{oukro}
47%
{Librevi}ll{e}
45%
{Pa}ll{adium}
45%
{Guinea-Bi}ss{au}
44%
{Li}tt{le Rock}
43%
{Nashvi}ll{e}
43%
{Sri Jayawardenapura Ko}tt{e}
43%
{Te}ll{urium}
43%
{Cheye}nn{e}
40%
{Saint Ki}tt{s and Nevis}
40%
{Tha}ll{ium}
40%
{Bery}ll{ium}
38%
{Marsha}ll{ Islands}
38%
{Pota}ss{ium}
38%

Score Distribution

Percentile by Number Answered

Percent of People with Each Score

Your Score History

You have not taken this quiz